Has this country played in a World Cup? - Statistics

General Stats
  • This quiz has been taken 47 times
  • The average score is 10 of 16
Answer Stats
Question Answer % Correct
Panama? Yes
100%
India? No
80%
Estonia? No
80%
Bangladesh? No
80%
Ireland? Yes
80%
Iceland? Yes
80%
Iran? Yes
80%
Cyprus? No
60%
Albania? No
60%
Thailand? No
60%
Norway? Yes
60%
Ukraine? Yes
60%
Finland? No
40%
North Korea? Yes
40%
Cuba? Yes
40%
Togo Yes
20%
No matching quizzes found
Score Distribution
Percent of People with Each Score
Percentile by Number Answered
Your Score History
You have not taken this quiz